College Quizbowl Stats
College Quizbowl Stats
Circuits
Seasons
Sets
Records
Detailed Stats
About
Loading...
2023 ACF Nationals
Tossups
Bonuses
Players
Teams
Categories (Tossup)
Categories (Bonus)
Max Chemtov
McGill A
Categories
Category
Powers
Gets
Negs
BBs
Points
Earliest Buzz
Avg. Buzz
First Buzzes
Top 3 Buzzes
Science - Physics
0
6
0
1
60
90
139.33
0
0
Science - Other Science
0
4
0
1
40
54
98.25
0
1
Fine Arts - Classical Music
0
3
0
2
30
127
144.00
0
0
Fine Arts - Other Fine Arts
0
1
0
0
10
71
71.00
0
0
Buzzes
Category
Answer
Value
Buzz Position
Science - Other Science
homotopies
10
54
Science - Other Science
abelian groups
10
67
Fine Arts - Other Fine Arts
the Major-General
10
71
Science - Physics
symplectic
10
90
Fine Arts - Classical Music
Concerto for Orchestra
10
127
Science - Other Science
graphs
10
131
Science - Other Science
cardinal numbers
10
141
Science - Physics
cross section
10
146
Science - Physics
Zeeman effect
10
147
Fine Arts - Classical Music
humoresque
10
147
Previous
1
2
Next